Lyme disease borrelia species in Northeastern China resemble those isolated from Far Eastern Russia and Japan /
Đã lưu trong:
| 其他作者: | , , , , , , , , , |
|---|---|
| 格式: | Bài viết |
| 語言: | English |
| 主題: | |
| 標簽: |
添加標簽
沒有標簽, 成為第一個標記此記錄!
|
| Thư viện lưu trữ: | Thư viện Trường Đại học Đà Lạt |
|---|
| LEADER | 01271nam a2200421 4500 | ||
|---|---|---|---|
| 001 | DLU090091581 | ||
| 005 | ##20091201 | ||
| 040 | # | # | |a DLU |b eng |
| 041 | # | # | |a eng |
| 044 | # | # | |a us |
| 245 | # | # | |a Lyme disease borrelia species in Northeastern China resemble those isolated from Far Eastern Russia and Japan / |c Muqing Li ... [et al.]. |
| 653 | # | # | |a Borrelia burgdorferi |
| 653 | # | # | |a Identification |
| 653 | # | # | |a Isolate |
| 653 | # | # | |a Reactivity |
| 653 | # | # | |a Restriction fragment length polymorphism |
| 653 | # | # | |a Ribosomal DNA |
| 653 | # | # | |a Spacer DNA |
| 700 | # | # | |a Fujita, Hiromi. |
| 700 | # | # | |a Ishiguro, Fubito. |
| 700 | # | # | |a Iwaki, Atsue. |
| 700 | # | # | |a Kawabata, Masato. |
| 700 | # | # | |a Li, Muqing. |
| 700 | # | # | |a Masuzawa, Toshiyuki. |
| 700 | # | # | |a Takada, Nobuhiro. |
| 700 | # | # | |a Wang, Haipeng. |
| 700 | # | # | |a Wang, Jichun. |
| 700 | # | # | |a Yanagihara, Yasutake. |
| 773 | # | # | |t Applied and Environmental Microbiology |g Vol. 64, no. 7 (July 1998), p. 2705-2709 |
| 920 | # | # | |a Phòng Tạp chí -- Trung tâm Thông tin - Thư viện Trường Đại học Đà Lạt |
| 994 | # | # | |a DLU |
| 900 | # | # | |a True |
| 911 | # | # | |a Trương Bảo Trâm Anh |
| 925 | # | # | |a G |
| 926 | # | # | |a A |
| 927 | # | # | |a BB |
| 980 | # | # | |a Thư viện Trường Đại học Đà Lạt |